000 00533nam a2200193Ia 4500
003 OSt
005 20241211102719.0
008 210716s1997 xx 000 0 und d
020 _a0553576089
040 _cAIMIT LIBRARY
041 _aeng
082 _a808.83
_21
_bGEOE
100 _aGeorge, Elizabeth.
_9189909
245 _aIn the presence of the enemy /
_cBy Elizabeth George.
250 _a1st ed.
260 _aNew York :
_bBantam books ;
_c1997.
300 _a625p. ;
_bPB
_c17 cm.
942 _2ddc
_cBK
_e1st ed.
_k808.83 GEOE
999 _c200350
_d200350